000 01258nkm a2200289 i 4500
001 4350
003 ES-MaACL
005 20250713063023.0
007 khrbo
008 070710s1988 sp --- g |001||spa d
100 0 _aAlfonso,
_d1902-1990
_919858
245 1 0 _aExposición de tapiz y escultura [
_hFotografía] /
_cAlfonso (sello).
260 _a[S.l. :
_bs.n.],
_c1988.
300 _a4 fot. :
_bb. y n. ;
_c12 x 18 cm.
500 _aDatos basados en invitación.
511 0 _aIntervienen: Antonio Jiménez Barriga, Francisco Alarcón Morales, Rosa María Pérez Márquez, Salvador Salguero Castillo.
518 _aActo organizado por el Ateneo de Madrid, celebrado en la sala de exposiciones de Santa Catalina el viernes, 3 de junio de 1988, a las 18:00 h.
600 1 4 _aJiménez Barriga, Antonio.
_966462
600 1 4 _aAlarcón Morales, Francisco.
_919143
600 1 4 _aPérez Márquez, Rosa María.
_990999
600 1 4 _aSalguero Castillo, Salvador.
_9101915
610 2 4 _aAteneo de Madrid-
_xActos culturales-
_y1988-
_vFotografías.
_91903
710 2 _aAteneo de Madrid.
_91875
852 _aES-MaACL
_jFOT 164/1988
856 4 _uhttp://www.ateneodemadrid.net/biblioteca_digital/imagenes/1988/0164-1988.jpg
_zVer imagen
999 _c4350
_d4350